Standardní herní soutěže : možnost jejich uplatnění v základní tělesné výchově, v zájmové sportovní činnosti a především v různých odvětvích pohybové rekreace /

Hlavní autor: Stibitz, František, 1917-2008
Jazyk: Čeština
Vydáno: Praha : Univerzita Karlova, 1982
Vydání: 1. vyd.
Témata:
Fyzický popis: 67 s. : il. ; 30 cm
Knihy
Uloženo v:
LEADER 01162nam a2200289 a 4500
001 000417633
003 CZ BrMZK
005 20081110103554.0
007 ta
008 990307s1982 xr a f cze d
015 |a cnb000160804 
035 |a (OCoLC)42181462 
040 |a BOA001  |c ze  |d BOA002 
080 9 |a 794.092(075.8) 
080 9 |a 796.08(075.8) 
080 9 |a 378.4 
100 1 |a Stibitz, František,  |d 1917-2008  |7 jk01121173  |4 aut 
245 1 0 |a Standardní herní soutěže :  |b možnost jejich uplatnění v základní tělesné výchově, v zájmové sportovní činnosti a především v různých odvětvích pohybové rekreace /  |c František Stibitz ; ilustrovala A. Stibitzová 
250 |a 1. vyd. 
260 |a Praha :  |b Univerzita Karlova,  |c 1982 
300 |a 67 s. :  |b il. ;  |c 30 cm 
504 |a Obsahuje bibliografii 
910 |a BOA001  |b PK-N-0022.542  |b 4-0851.869 
964 |a Herní soutěže - učebnice - vysoké školy 
990 |a BK 
996 7 |b 3119824342  |c PK-N-0022.542  |l MZK  |r Sklad / do 1 hodiny  |n 0  |w 000417633  |u 000010  |a 1  |e BOA001  |j MZK50  |s A 
996 6 |b BC-616789  |c 4-0851.869  |l MZK  |r Sklad / do 1 hodiny  |n 0  |w 000417633  |u 000020  |a 1  |e BOA001  |j MZK50  |s P